Loading...
Soviet Sahithyam Viplavanathara vikasa parinamangal /
| Main Author: | |
|---|---|
| Language: | Undetermined |
| Published: |
Kozhikode :
Beegle ,
1990.
|
| LEADER | 00487nam a2200133Ia 4500 | ||
|---|---|---|---|
| 001 | 46318 | ||
| 008 | 170722s9999 xx 000 0 und d | ||
| 100 | |a Vijayan, P. | ||
| 245 | |a Soviet Sahithyam |b Viplavanathara vikasa parinamangal / | ||
| 260 | |a Kozhikode : |b Beegle , |c 1990. | ||
| 300 | |a 134 p. |c 22.4cms | ||
| 942 | |c GEN | ||
| 999 | |c 111591 |d 111591 | ||
| 952 | |0 0 |1 0 |4 0 |6 O_142_000000000000000_NG_32NONO1_KR |7 0 |9 157233 |a LIB |b LIB |d 2017-08-12 |o O142.N:g 32NO-NO;1 (KR) |p 211483 |r 2017-08-12 |v 20.00 |w 2017-08-12 |y GEN | ||